Living under the crescent moon : domestic culture in the Arab world / (Record no. 8444)
[ view plain ]
| 000 -LEADER | |
|---|---|
| fixed length control field | 01735nac a22004211u 4500 |
| 010 ## - LIBRARY OF CONGRESS CONTROL NUMBER | |
| LC control number | 2006401711 |
| 020 ## - INTERNATIONAL STANDARD BOOK NUMBER | |
| International Standard Book Number | 3931936414 (English edition : pbk.) |
| 035 ## - SYSTEM CONTROL NUMBER | |
| System control number | (OCoLC)ocm56068133 |
| 082 00 - DEWEY DECIMAL CLASSIFICATION NUMBER | |
| Classification number | 392.360917 |
| Item number | KRI |
| 090 ## - LOCALLY ASSIGNED LC-TYPE CALL NUMBER (OCLC); LOCAL CALL NUMBER (OCLC) | |
| -- | 8444 |
| -- | 8444 |
| 100 ## - MAIN ENTRY--PERSONAL NAME | |
| Personal name | Kries, Mateo |
| 245 00 - TITLE STATEMENT | |
| Title | Living under the crescent moon : domestic culture in the Arab world / |
| Remainder of title | domestic culture in the Arab world / |
| Statement of responsibility, etc | editor, Mateo Kries, Alexander von Vegesack [et. al. ] ; translations: Jeremy Gaines, ...[et. al. ] |
| 260 ## - PUBLICATION, DISTRIBUTION, ETC. (IMPRINT) | |
| Place of publication, distribution, etc | Weil am Rhein : |
| Name of publisher, distributor, etc | Vitra Design Museum,2003 |
| Date of publication, distribution, etc | c2003. |
| 300 ## - PHYSICAL DESCRIPTION | |
| Extent | 348 p. : |
| Other physical details | ill. (some col.), maps (some col.) ; |
| Dimensions | 33 cm. |
| 500 ## - GENERAL NOTE | |
| General note | Exhibition catalog. |
| 500 ## - GENERAL NOTE | |
| General note | Distributer: Al-Ahram |
| 504 ## - BIBLIOGRAPHY, ETC. NOTE | |
| Bibliography, etc | Includes bibliographical references (p. 345-346). |
| 511 ## - PARTICIPANT OR PERFORMER NOTE | |
| Participant or performer note | Catalogued by: Sara |
| 650 #0 - SUBJECT ADDED ENTRY--TOPICAL TERM | |
| Topical term or geographic name as entry element | Dwellings |
| Geographic subdivision | Arab countries |
| Form subdivision | Exhibitions. |
| 650 #0 - SUBJECT ADDED ENTRY--TOPICAL TERM | |
| Topical term or geographic name as entry element | Material culture |
| Geographic subdivision | Arab countries |
| Form subdivision | Exhibitions. |
| 650 #0 - SUBJECT ADDED ENTRY--TOPICAL TERM | |
| Topical term or geographic name as entry element | Architecture, Domestic |
| Geographic subdivision | Arab countries |
| Form subdivision | Exhibitions. |
| 650 #0 - SUBJECT ADDED ENTRY--TOPICAL TERM | |
| Topical term or geographic name as entry element | Architecture, Vernacular |
| Geographic subdivision | Arab countries |
| Form subdivision | Exhibitions. |
| 650 #0 - SUBJECT ADDED ENTRY--TOPICAL TERM | |
| Topical term or geographic name as entry element | Architecture domestique |
| Geographic subdivision | EÌ?tats arabes. |
| 650 #0 - SUBJECT ADDED ENTRY--TOPICAL TERM | |
| Topical term or geographic name as entry element | Woningen. |
| 650 #0 - SUBJECT ADDED ENTRY--TOPICAL TERM | |
| Topical term or geographic name as entry element | Wooncultuur. |
| 650 #0 - SUBJECT ADDED ENTRY--TOPICAL TERM | |
| Topical term or geographic name as entry element | Interieurkunst. |
| 650 #0 - SUBJECT ADDED ENTRY--TOPICAL TERM | |
| Topical term or geographic name as entry element | Huisvesting. |
| 650 #0 - SUBJECT ADDED ENTRY--TOPICAL TERM | |
| Topical term or geographic name as entry element | Bouwkunst. |
| 650 #0 - SUBJECT ADDED ENTRY--TOPICAL TERM | |
| Topical term or geographic name as entry element | Gebouwen. |
| 651 #0 - SUBJECT ADDED ENTRY--GEOGRAPHIC NAME | |
| Geographic name | Arab countries |
| General subdivision | Social life and customs |
| 651 #0 - SUBJECT ADDED ENTRY--GEOGRAPHIC NAME | |
| Geographic name | Arab countries |
| General subdivision | Social life and customs |
| 651 #0 - SUBJECT ADDED ENTRY--GEOGRAPHIC NAME | |
| Geographic name | EÌ?tats arabes |
| General subdivision | Moeurs et coutumes. |
| 700 1# - ADDED ENTRY--PERSONAL NAME | |
| Personal name | Kries, Mateo, |
| Dates associated with a name | 1974- |
| 700 1# - ADDED ENTRY--PERSONAL NAME | |
| Personal name | Gaines, Jeremy |
| 710 2# - ADDED ENTRY--CORPORATE NAME | |
| Corporate name or jurisdiction name as entry element | Vitra Design Museum. |
| 942 ## - ADDED ENTRY ELEMENTS (KOHA) | |
| Item type | Book - Borrowing |
| Call number prefix | 392.360917KRI |
| Withdrawn status | Item status | Damaged status | Not for loan | Home library | Current library | Shelving location | Date acquired | Source of acquisition | Total Checkouts | Total Renewals | Full call number | Barcode | Date last seen | Date last borrowed | Koha item type |
|---|---|---|---|---|---|---|---|---|---|---|---|---|---|---|---|
| Central Library | Central Library | First floor | 09/03/2008 | Purchase | 5 | 9 | 392.360917KRI | 000010246 | 15/07/2025 | 23/12/2014 | Book - Borrowing |